[Event "Stjernen CC-ch B"]
[Site "Oslo"]
[Date "2017.03.07"]
[Round "4"]
[White "Sjogren, Oddbjorn"]
[Black "Lindsjorn, Yngve"]
[Result "1-0"]
[WhiteElo "1538"]
[BlackElo "1585"]
[PlyCount "55"]
[EventDate "2017.02.07"]
[EventType "swiss"]
[EventRounds "9"]
[EventCountry "NOR"]
[SourceTitle "EXT 2024"]
[Source "ChessBase"]
[SourceDate "2023.10.10"]
[SourceVersion "1"]
[SourceVersionDate "2023.10.10"]
[SourceQuality "1"]

1. d4 c6 2. Bf4 d5 3. e3 Nf6 4. c3 e6 5. Nf3 Nbd7 6. Nbd2 Be7 7. Bd3 0-0 8. Ne5 Nxe5 9. dxe5 Nd7 10. Qh5 f5 11. g4 g6 12. Qh3 Nc5 13. Bc2 Ne4 14. Nxe4 fxe4 15. 0-0-0 Qc7 16. Qg2 g5 17. Bg3 Rf7 18. h4 gxh4 19. Bxh4 Qxe5 20. Bxe7 Rxe7 21. Rh5 Qh8 22. Bxe4 Bd7 23. Bc2 Rg7 24. Rdh1 Rf8 25. Qh2 Rff7 26. g5 Rf5 27. Bxf5 exf5 28. Qb8+ 1-0